Normal view
MARC view
Entry Topical Term
001 - CONTROL NUMBER
- control field: 11500
003 - CONTROL NUMBER IDENTIFIER
- control field: BD-RjUL
005 - DATE AND TIME OF LATEST TRANSACTION
- control field: 20240206113128.0
008 - FIXED-LENGTH DATA ELEMENTS
- fixed length control field: 240206|| aca||aabn | a|a d
040 ## - CATALOGING SOURCE
- Original cataloging agency: BD-RjUL
- Transcribing agency: BD-RjUL
150 ## - HEADING--TOPICAL TERM
- Topical term or geographic name entry element: Islam
- General subdivision: non-Muslims
- Geographic subdivision: Bangladesh
670 ## - SOURCE DATA FOUND
- Source citation: Work cat.: (BD-RjUL)82975: খান, মো: সেলিম রেজা 2312, অমুসলিমদের মৌলিক অধিকার প্রতিষ্ঠায় ইসলাম :, ২০১৯